| 000 | 00741cam a22002415a 4500 | ||
|---|---|---|---|
| 001 | 881271 | ||
| 005 | 20201124142326.0 | ||
| 008 | 830706t1983 nyu frb 001 0 eng d | ||
| 020 | _a0394502833 | ||
| 040 |
_aDLC _cDLC _dDLC _dEG-ScBUE _beng |
||
| 082 | 0 | 4 |
_a327.09045 _222 _bEBA |
| 100 | 1 |
_aEban, Abba Solomon, _d1915-2002. |
|
| 245 | 1 | 4 |
_aThe new diplomacy : _binternational affairs in the modern age / _cAbba Eban. |
| 250 | _a1st ed. | ||
| 260 |
_aNew York : _bRandom House, _cc.1983. |
||
| 300 |
_axiv, 427 p. ; _c25 cm. |
||
| 504 | _aIncludes bibliographical references and index. | ||
| 650 | 7 |
_aWorld politics _y1945-1989. _2BUEsh |
|
| 650 | 7 |
_aDiplomacy. _2BUEsh _911948 |
|
| 651 | _2BUEsh | ||
| 653 |
_bGGEN _cMay2018 |
||
| 942 | _2ddc | ||
| 999 |
_c26773 _d26745 |
||